|
|
|
|
| LEADER |
00000nab a2200000 ar4500 |
| 001 |
vtls009946414 |
| 003 |
SK-MaSNL |
| 005 |
20260304221738.0 |
| 008 |
250506c2008 xo fr|p|||||||000 b|slo |
| 015 |
|
|
|a SNBRB2009/09
|2 snkbucl
|
| 035 |
|
|
|a (uuid)bca15374-f680-4f21-9fe9-debdca17660a
|
| 035 |
|
|
|a urn:nbn:sk:snk-abc54s
|
| 035 |
|
|
|a (urnnbn)urn:nbn:sk:snk:ar-000c3w
|
| 038 |
|
|
|a SNKBUCL
|
| 040 |
|
|
|a SNKBUCL
|b slo
|c SNKBUCL
|e AACR2
|
| 041 |
0 |
|
|a eng
|b eng
|b slo
|
| 044 |
|
|
|a xo
|c SK
|
| 080 |
|
|
|a 331.55
|x (439)
|2 2001
|
| 100 |
1 |
|
|a Cseh Papp, Imola
|4 aut
|9 1252698
|
| 245 |
1 |
0 |
|a Workforce mobility in Central-Hungarian region
|c Imola Cseh Papp
|
| 246 |
3 |
1 |
|a Mobilita pracovnej sily v regióne Centrálne Maďarsko
|
| 300 |
|
|
|b Grafy, tab.
|
| 504 |
|
|
|a Bibliogr. odkazy
|
| 546 |
|
|
|a Súbežný názov slov. ; res. angl., slov.
|
| 650 |
0 |
7 |
|a fluktuácia zamestnancov
|2 snkbucl
|9 162543
|
| 651 |
|
7 |
|a Maďarsko
|2 snkbucl
|9 16754
|
| 773 |
0 |
|
|t Acta regionalia et environmentalica
|g Roč. 5., č. 2 (2008), s. 33-37
|x 1336-5452
|
| 850 |
|
|
|a Slovenská národná knižnica
|
| 852 |
|
|
|a Slovenská národná knižnica
|
| 958 |
|
|
|a article15
|
| 958 |
|
|
|a OND
|
| 958 |
|
|
|a NB
|
| 958 |
|
|
|a HU
|
| 958 |
|
|
|a EUIPO
|
| 999 |
|
|
|c 3159596
|d 3161526
|